000 00569nam a2200169 a 4500
005 20140412111307.0
008 010427s19uu xx 00 eng d
020 _a0-395-18513-0
050 _aTR(PS E
_bSt9 1974
100 _aAllard, Harry
245 _aStupids step out (The) /
_cStory by Harry Allard; pictures by James Marshall.
260 _aBoston :
_bHougton Mifflin Company,
_c1974.
300 _a30 p. ; ill.
520 _aThe stupid family and their dog Kitty have a fun-filled day doing ridiculous things.
650 _aHumurous stories
999 _c103763
_d103763